| 000 | 00461pab a2200157 454500 | ||
|---|---|---|---|
| 008 | 180718b2006 xxu||||| |||| 00| 0 eng d | ||
| 100 | _aMedilanski, Edi et al. | ||
| 245 | _aWastewater management in Kunming, China: a stakeholder perspective on measures at the source | ||
| 260 | _c2006 | ||
| 300 | _ap.353-68. | ||
| 362 | _aOct | ||
| 650 | _aWaste treatment - China | ||
| 650 | _aWaste treatment | ||
| 773 | _aEnvironment and Urbanization | ||
| 909 | _a72467 | ||
| 999 |
_c72467 _d72467 |
||